| 000 | 00659nam a22002057a 4500 | ||
|---|---|---|---|
| 999 |
_c153514 _d153514 |
||
| 005 | 20181108151041.0 | ||
| 010 | _aB-213428 , B-213444 | ||
| 020 |
_a8186939342 _c295.00 |
||
| 035 | _aB-213428, B-213444 | ||
| 037 | _bIndianink Roli books | ||
| 082 | _aN | ||
| 100 | _aDivakaruni, Chitra Banarjee | ||
| 245 |
_aThe mirror of fire and dreamine: _bthe brotherhood of the conch:book II _cChitra Banerjee divakaruni |
||
| 260 |
_aNew Delhi _bIndianink Roli books _c2005 |
||
| 270 |
_aM-75, G.K. II Market New Delhi 110048 _bNew Delhi _e110048 |
||
| 300 |
_a226p. _c22cm(pb) |
||
| 942 |
_2ddc _cEN _hN _mDIV |
||